000168507 001__ 168507
000168507 005__ 20260209162330.0
000168507 0247_ $$2doi$$a10.1016/j.aprim.2025.103402
000168507 0248_ $$2sideral$$a147961
000168507 037__ $$aART-2026-147961
000168507 041__ $$aeng
000168507 100__ $$aBengoa-Urrengoechea, Irantzu
000168507 245__ $$aBarreras y elementos facilitadores en el acceso a la atención sanitaria durante la pandemia de COVID-19: valoración de gestores y profesionales sanitarios
000168507 260__ $$c2026
000168507 5060_ $$aAccess copy available to the general public$$fUnrestricted
000168507 5203_ $$aObjetivo. Conocer la experiencia de gestores y profesionales sanitarios durante la pandemia de COVID-19 para identificar barreras y facilitadores en el acceso a la atención sanitaria por parte de los pacientes crónicos. Lugar. Sistema Aragonés de Salud (SALUD), Aragón, España.
Participantes. Veintiún gestores y 16 profesionales sanitarios (enfermería y medicina) seleccionados mediante muestreo por conveniencia y bola de nieve.
Métodos. Diseño de investigación cualitativa con entrevistas semiestructuradas y grupos de discusión comunicativos basados en metodología comunicativa (MC). Se recogieron las percepciones sobre barreras en el acceso, calidad de la atención, digitalización, desigualdad territorial, disponibilidad y gestión de recursos, así como experiencias positivas y lecciones aprendidas.
Resultados. Se identificaron tres barreras principales: brecha digital, desigualdad rural-urbana y sobrecarga del sistema, que dificultaron el acceso equitativo a la atención, especialmente en pacientes en situación de vulnerabilidad. Entre los factores facilitadores destacaron la digitalización y la colaboración interdisciplinaria, que mejoraron la eficiencia y la coordinación entre niveles asistenciales. Las experiencias recogidas muestran diferencias entre decisiones organizativas y consecuencias clínicas, especialmente en la atención a pacientes crónicos.
Conclusiones. La pandemia reveló debilidades estructurales del sistema sanitario, pero también oportunidades de mejora. Es necesario consolidar las innovaciones positivas con un enfoque equitativo y adaptado a las necesidades de los pacientes más vulnerables.
000168507 536__ $$9info:eu-repo/grantAgreement/ES/DGA-GRISSA/B09-23R$$9info:eu-repo/grantAgreement/ES/ISCIII/PI22-01194
000168507 540__ $$9info:eu-repo/semantics/openAccess$$aby-nc-nd$$uhttps://creativecommons.org/licenses/by-nc-nd/4.0/deed.es
000168507 655_4 $$ainfo:eu-repo/semantics/article$$vinfo:eu-repo/semantics/publishedVersion
000168507 700__ $$0(orcid)0000-0001-7293-701X$$aAguilar-Palacio, Isabel$$uUniversidad de Zaragoza
000168507 700__ $$0(orcid)0000-0002-3252-076X$$aValero-Errazu, Diana$$uUniversidad de Zaragoza
000168507 700__ $$0(orcid)0000-0002-6671-5661$$aRabanaque, María José$$uUniversidad de Zaragoza
000168507 700__ $$0(orcid)0000-0001-6592-574X$$aGómez-Poyato, Mª José$$uUniversidad de Zaragoza
000168507 700__ $$0(orcid)0000-0001-8756-114X$$aSánchez-Calavera, Mª Antonia$$uUniversidad de Zaragoza
000168507 700__ $$0(orcid)0000-0002-7194-8275$$aMalo, Sara$$uUniversidad de Zaragoza
000168507 7102_ $$11007$$2610$$aUniversidad de Zaragoza$$bDpto. Medicina, Psiqu. y Derm.$$cArea Medicina
000168507 7102_ $$11011$$2615$$aUniversidad de Zaragoza$$bDpto. Microb.Ped.Radio.Sal.Pú.$$cÁrea Medic.Prevent.Salud Públ.
000168507 7102_ $$14009$$2813$$aUniversidad de Zaragoza$$bDpto. Psicología y Sociología$$cÁrea Trabajo Social y Serv.Soc
000168507 773__ $$g58, 1 (2026), 103402$$pAten. prim.$$tAtencion Primaria$$x0212-6567
000168507 8564_ $$s334658$$uhttps://zaguan.unizar.es/record/168507/files/texto_completo.pdf$$yVersión publicada
000168507 8564_ $$s2115577$$uhttps://zaguan.unizar.es/record/168507/files/texto_completo.jpg?subformat=icon$$xicon$$yVersión publicada
000168507 909CO $$ooai:zaguan.unizar.es:168507$$particulos$$pdriver
000168507 951__ $$a2026-02-09-14:42:23
000168507 980__ $$aARTICLE